Desafíos metodológicos de la antropología urbana /

Gespeichert in:
Bibliographische Detailangaben
1. Verfasser: Fernández Alvarez, Oscar
Format: Text
Tags: Tag hinzufügen
Keine Tags, Fügen Sie den ersten Tag hinzu!

MARC

LEADER 00000 a a2200000 04500
001 4311
003
040
100 |a Fernández Alvarez, Oscar  
245 |a Desafíos metodológicos de la antropología urbana /  |c Oscar Fernández Alvarez 
773 |g número 11; páginas 15-21  
999 |c 24733  |d 24733